Top 15 Covid-19 getroffen landen - 8 september 2021 - Statistieken

Algemene statistieken
  • Deze quiz is 5 keer genomen
  • De gemiddelde score is 9 van 26
Antwoordstatistieken
land % Correct
Duitsland
100%
Frankrijk
100%
Rusland
75%
Spanje
75%
Verenigde Staten
75%
Verenigd Koninkrijk
75%
Argentinië
50%
Brazilië
50%
India
50%
Italië
50%
Nederland
50%
Zweden
50%
Indonesië
25%
Mexico
25%
Turkije
25%
Bahrein
0%
Colombia
0%
Estland
0%
Georgië
0%
Iran
0%
Israël
0%
Litouwen
0%
Panama
0%
Slovenië
0%
Tsjechië
0%
Uruguay
0%
Geen overeenkomende quizzen gevonden
Scoreverdeling
Procent van Mensen met Elke Score
Percentiel versus Aantal Correcte Antwoorden
Uw Scoregeschiedenis
U heeft deze quiz nog niet genomen